La vida es sueño. El alcalde de Zalamea
Сохранить в:
| Главный автор: | |
|---|---|
| Формат: | |
| Язык: | Undetermined |
| Опубликовано: |
Buenos Aires, Argentina
TOR
1957
|
| Предметы: | |
| Метки: |
Добавить метку
Нет меток, Требуется 1-ая метка записи!
|
MARC
| LEADER | 00000nam a2200000Ia 4500 | ||
|---|---|---|---|
| 008 | 170316s9999 xx 000 0 und d | ||
| 040 | |a cru BVZT | ||
| 090 | |a 862 C-3vi | ||
| 100 | |a Calderón de la Barca, Pedro | ||
| 245 | |a La vida es sueño. El alcalde de Zalamea | ||
| 260 | |a Buenos Aires, Argentina | ||
| 260 | |b TOR | ||
| 260 | |c 1957 | ||
| 300 | |a 255 páginas | ||
| 650 | |a LITERATURA ESPAÑOLA | ||
| 650 | |a OBRA DE TEATRO | ||
| 650 | |a DRAMA | ||
| 650 | |a LA VIDA ES SUEÑO | ||
| 650 | |a EL ALCALDE DE ZALAMEA | ||
| 999 | |c 9753 |d 9753 | ||
| 942 | |c 15 D |h 862 C-3vi |2 z | ||
